000 00648nam a2200205 i 4500
001 189838
003 ES-MaACL
005 20250902025142.0
008 191203s1966 sp |||| | spa d
100 1 _aTobar, José María.
_9110371
245 1 3 _aEl crédito y los bancos /
_cJosé María Tobar.
260 _aBilbao :
_bDeusto,
_c[1966]
300 _a254 p. ;
_c22 cm.
490 1 _aEnciclopedia de la empresa moderna ;
_v12
650 4 _aBancos-
_zEspaña-
_yS.XX.
_9167658
650 4 _aCrédito-
_zEspaña.
_9146875
830 1 0 _aEnciclopedia de la empresa moderna
_v12
_9193420
852 4 _aES-MaACL
_jP-1093-12
999 _c189838
_d189838